[Event "Prague Masters 2024"]
[Site "Praga"]
[Date "27.02.2024"]
[Round "1"]
[White "Bartel, Matheus"]
[Black "Maghsoodloo, Parham"]
[Result "0-1"]
[WhiteElo "2660"]
[BlackElo "2715"]
[EventDate "2024.02.26"]

1. e4 c5 2. Nf3 d6 3. Bb5+ Nd7 4. d4 cxd4 5. Qxd4 e5 6. Qd3 h6 7. Nc3 Ngf6
8. O-O a6 9. Bxd7+ Bxd7 10. Nd2 b5 11. a4 Rb8 12. Rd1 Qc7 13. Nf1 b4 14.
Nd5 Nxd5 15. exd5 a5 16. Ne3 Be7 17. b3 O-O 18. Bb2 Bg5 19. Nc4 Bc8 20. c3
Ba6 21. cxb4 axb4 22. g3 f5 23. h4 Bd8 24. Rac1 Qe7 25. Re1 f4 26. Kg2 Bb6
27. Rc2 Qf6 28. Qf3 Rbc8 29. Re4 Qg6 30. g4 Rc5 31. h5 Qg5 32. Qd1 f3+ 33.
Kg1 Rf4 34. Rxf4 Qxf4 0-1

[Event "Prague Masters 2024"]
[Site "Praga"]
[Date "07.03.2024"]
[Round "9"]
[White "Maghsoodloo, Parham"]
[Black "Gukesh, Dommaraju"]
[Result "1/2-1/2"]
[WhiteElo "2715"]
[BlackElo "2743"]
[EventDate "2024.02.26"]

1. d4 Nf6 2. c4 e6 3. Nf3 d5 4. g3 Bb4+ 5. Bd2 Be7 6. Bg2 O-O 7. O-O c6 8.
b3 b6 9. Bc1 Nbd7 10. Bb2 a5 11. Qc2 Ba6 12. Nbd2 c5 13. Rac1 Rc8 14. Qb1
dxc4 15. Nxc4 b5 16. Nce5 Nxe5 17. Nxe5 Qb6 18. Rc2 Rc7 19. dxc5 Bxc5 20.
Nd3 Bd6 21. Rxc7 Qxc7 22. Rc1 Qe7 23. Ne5 Bb7 24. Bxb7 Bxe5 25. Bc6 Bxb2
26. Qxb2 b4 27. Qe5 Qd8 28. Rc4 h6 29. Kg2 Qb6 30. Bf3 Qd8 31. Rd4 Qb6 32.
Rc4 Qd8 33. Rc6 Re8 34. Ra6 Nd5 35. e3 Re7 36. Qd4 Rd7 37. Qc5 Rc7 38. Qxa5
Nxe3+ 39. fxe3 Rc2+ 40. Kh3 Qd3 41. Ra7 Qf1+ 42. Kg4 Rf2 43. Qd8+ Kh7 44.
Rxf7 h5+ 45. Kxh5 Rxf3 46. Rf4 e5 47. Rxf3 Qxf3+ 48. Kg5 Qxe3+ 49. Kf5 Qf3+
50. Kxe5 Qe2+ 51. Kf5 Qf2+ 52. Ke6 Qe2+ 53. Kf5 Qf2+ 54. Ke6 Qe2+ 55. Kd7
Qxh2 56. Qh4+ Qxh4 57. gxh4 Kg6 58. Ke6 Kh5 59. Kf7 Kxh4 60. Kxg7 Kg5 61.
Kf7 Kf5 62. Ke7 Ke5 63. Kd7 1/2-1/2